[Event "Wch U16"]
[Site "Montesilvano"]
[Date "2023.11.15"]
[Round "3"]
[White "Chen, Jonathan"]
[Black "Gasparyan, Erik R"]
[Result "0-1"]
[WhiteElo "2202"]
[BlackElo "2320"]
[PlyCount "88"]
[EventDate "2023.11.13"]
[EventType "swiss"]
[EventRounds "11"]
[EventCountry "ITA"]
[SourceTitle "CBM 217 Extra"]
[Source "ChessBase"]
[SourceDate "2024.01.31"]
[SourceVersion "1"]
[SourceVersionDate "2024.01.31"]
[SourceQuality "1"]

1. d4 Nf6 2. c4 e6 3. Nc3 Bb4 4. Qc2 d5 5. cxd5 exd5 6. Bg5 h6 7. Bh4 g5 8. Bg3 Nc6 9. e3 h5 10. Bb5 h4 11. Be5 0-0 12. h3 Nxe5 13. dxe5 Ne4 14. Bd3 f5 15. Nge2 Qe7 16. 0-0 c6 17. f4 Bc5 18. Nd1 Bb6 19. Kh2 Kh8 20. Ng1 Qg7 21. Bxe4 fxe4 22. Qf2 Qh6 23. Ne2 gxf4 24. Nxf4 Bf5 25. Kg1 Bc7 26. e6 Bxe6 27. Qd2 Be5 28. Nxe6 Rxf1+ 29. Kxf1 Qxe6 30. Nf2 c5 31. Rd1 Rd8 32. Qe2 Qf5 33. Kg1 Bg7 34. b3 Rf8 35. Rf1 Be5 36. Rd1 d4 37. exd4 Bxd4 38. Rf1 Kg7 39. Kh1 Bxf2 40. Rxf2 Qxf2 41. Qg4+ Kh6 42. Qe6+ Qf6 43. Qxe4 Qf1+ 44. Kh2 Qf4+ 0-1

[Event "Budapest Vezerkepzo Christmas IM"]
[Site "Budapest"]
[Date "2023.01.04"]
[Round "9"]
[White "To, Nhat Minh"]
[Black "Chen, Jonathan"]
[Result "1/2-1/2"]
[WhiteElo "2308"]
[BlackElo "2193"]
[PlyCount "32"]
[EventDate "2022.12.26"]
[EventType "tourn"]
[EventRounds "9"]
[EventCountry "HUN"]
[SourceTitle "CBM 212 Extra"]
[Source "ChessBase"]
[SourceDate "2023.03.31"]
[SourceVersion "1"]
[SourceVersionDate "2023.03.31"]
[SourceQuality "1"]

1. d4 d5 2. c4 c6 3. Nf3 Nf6 4. e3 Bf5 5. Nc3 e6 6. Nh4 Be4 7. f3 Bg6 8. Qb3 Qc7 9. Bd2 a6 10. 0-0-0 dxc4 11. Bxc4 b5 12. Be2 Be7 13. g3 c5 14. dxc5 Nbd7 15. Nxg6 hxg6 16. Kb1 Nxc5 1/2-1/2

[Event "Budapest Vezerkepzo Christmas IM"]
[Site "Budapest"]
[Date "2022.12.26"]
[Round "1"]
[White "Chen, Jonathan"]
[Black "Szeberenyi, Adam"]
[Result "1/2-1/2"]
[WhiteElo "2193"]
[BlackElo "2344"]
[PlyCount "23"]
[EventDate "2022.12.26"]
[EventType "tourn"]
[EventRounds "9"]
[EventCountry "HUN"]
[SourceTitle "CBM 212 Extra"]
[Source "ChessBase"]
[SourceDate "2023.03.31"]
[SourceVersion "1"]
[SourceVersionDate "2023.03.31"]
[SourceQuality "1"]

1. d4 d5 2. c4 c6 3. Nc3 Nf6 4. Nf3 e6 5. e3 Nbd7 6. Bd3 Be7 7. 0-0 0-0 8. Qc2 b6 9. b3 Bb7 10. Bb2 c5 11. cxd5 exd5 12. Ne5 1/2-1/2

[Event "Budapest Vezerkepzo IM 12"]
[Site "Budapest"]
[Date "2022.12.23"]
[Round "9"]
[White "Daroczi, Donat"]
[Black "Chen, Jonathan"]
[Result "0-1"]
[WhiteElo "2142"]
[BlackElo "2193"]
[PlyCount "56"]
[EventDate "2022.12.14"]
[EventType "tourn"]
[EventRounds "9"]
[EventCountry "HUN"]
[SourceTitle "CBM 211 Extra"]
[Source "ChessBase"]
[SourceDate "2023.01.31"]
[SourceVersion "1"]
[SourceVersionDate "2023.01.31"]
[SourceQuality "1"]

1. e4 c5 2. Nf3 d6 3. d4 cxd4 4. Nxd4 Nf6 5. Nc3 a6 6. Bg5 Nbd7 7. Qe2 Qc7 8. 0-0-0 e6 9. f4 Be7 10. g4 b5 11. Bg2 Bb7 12. a3 Nc5 13. Bxf6 gxf6 14. h4 Rb8 15. g5 Ba8 16. Rhe1 fxg5 17. hxg5 b4 18. Nb1 e5 19. axb4 Rxb4 20. c3 exd4 21. e5 d3 22. Rxd3 Nxd3+ 23. Qxd3 d5 24. e6 Rxf4 25. exf7+ Rxf7 26. Bf3 0-0 27. Nd2 Bxg5 28. Rg1 Qf4 0-1

[Event "American op 57th"]
[Site "Orange"]
[Date "2022.11.24"]
[Round "3"]
[White "Chen, Jonathan"]
[Black "Preotu, Razvan"]
[Result "1/2-1/2"]
[WhiteElo "2193"]
[BlackElo "2493"]
[PlyCount "88"]
[EventDate "2022.11.22"]
[EventType "swiss"]
[EventRounds "9"]
[EventCountry "USA"]
[SourceTitle "EXT 2024"]
[Source "ChessBase"]
[SourceDate "2023.10.10"]
[SourceVersion "1"]
[SourceVersionDate "2023.10.10"]
[SourceQuality "1"]

1. d4 Nf6 2. c4 g6 3. Nf3 Bg7 4. g3 d5 5. cxd5 Nxd5 6. Bg2 Nb6 7. Nc3 Nc6 8. e3 0-0 9. 0-0 Re8 10. d5 Na5 11. Nd4 Bd7 12. Qc2 Qc8 13. Bd2 Bh3 14. Bxh3 Qxh3 15. b3 Bxd4 16. exd4 Rad8 17. Ne2 Rxd5 18. Nf4 Qf5 19. Rfc1 Nc6 20. Nxd5 Nxd5 21. Qxf5 gxf5 22. Be3 f6 23. Rc5 e6 24. a3 Kf7 25. Rac1 a6 26. Kf1 Ke7 27. b4 Kd7 28. Ke2 h5 29. Kf3 Rg8 30. Rd1 b6 31. Rc2 h4 32. Rdc1 Nce7 33. Bf4 c6 34. h3 hxg3 35. fxg3 Rh8 36. Rh2 Ng6 37. Bd2 e5 38. dxe5 fxe5 39. h4 e4+ 40. Ke2 Rh5 41. Rf2 Ne5 42. Rcf1 Nf3 43. Rxf3 exf3+ 44. Kxf3 c5 1/2-1/2

[Event "Novi Sad Vojvodina op 12th"]
[Site "Novi Sad"]
[Date "2022.07.28"]
[Round "5"]
[White "Shoshin, Kirill"]
[Black "Chen, Jonathan"]
[Result "0-1"]
[WhiteElo "2055"]
[BlackElo "2226"]
[PlyCount "46"]
[EventDate "2022.07.24"]
[EventType "swiss"]
[EventRounds "9"]
[EventCountry "SRB"]
[SourceTitle "CBM 209 Extra"]
[Source "ChessBase"]
[SourceDate "2022.09.30"]
[SourceVersion "1"]
[SourceVersionDate "2022.09.30"]
[SourceQuality "1"]

1. e4 c6 2. c4 d5 3. exd5 cxd5 4. cxd5 Nf6 5. Nc3 Nbd7 6. Nf3 g6 7. d6 exd6 8. Qe2+ Be7 9. d4 0-0 10. Bf4 a6 11. Qd2 b5 12. Bd3 Bb7 13. h4 Re8 14. h5 Nxh5 15. Rxh5 gxh5 16. 0-0-0 b4 17. Ne4 Nf6 18. Ng3 Qa5 19. Bh6 Kh8 20. Nf5 Ne4 21. Qf4 Rac8+ 22. Kb1 Bd5 23. a3 Qa4 0-1

[Event "New York Spring IM-B"]
[Site "New York"]
[Date "2022.04.17"]
[Round "7"]
[White "Sethuraman, Sandeep"]
[Black "Chen, Jonathan"]
[Result "1/2-1/2"]
[WhiteElo "2324"]
[BlackElo "2201"]
[PlyCount "37"]
[EventDate "2022.04.14"]
[EventType "tourn"]
[EventRounds "9"]
[EventCountry "USA"]
[EventCategory "2"]
[SourceTitle "CBM 207 Extra"]
[Source "ChessBase"]
[SourceDate "2022.05.31"]
[SourceVersion "1"]
[SourceVersionDate "2022.05.31"]
[SourceQuality "1"]

1. Nf3 c5 2. e4 d6 3. d4 cxd4 4. Nxd4 Nf6 5. Nc3 a6 6. Be3 e5 7. Nb3 Be6 8. f3 Be7 9. Qd2 h5 10. Be2 Nbd7 11. 0-0 Rc8 12. Nd5 Bxd5 13. exd5 Nb6 14. c4 Nxc4 15. Bxc4 Rxc4 16. Na5 Rc7 17. Rfc1 0-0 18. Nc4 Qb8 19. Nb6 1/2-1/2

[Event "Budapest Vezerkepzo Christmas IM"]
[Site "Budapest"]
[Date "2021.12.28"]
[Round "3"]
[White "Chen, Jonathan"]
[Black "Szalay Ocsak, Bank"]
[Result "1/2-1/2"]
[WhiteElo "2263"]
[BlackElo "2055"]
[PlyCount "35"]
[EventDate "2021.12.26"]
[EventType "tourn"]
[EventRounds "9"]
[EventCountry "HUN"]
[SourceTitle "EXT 2023"]
[Source "ChessBase"]
[SourceDate "2022.10.05"]
[SourceVersion "1"]
[SourceVersionDate "2022.10.05"]
[SourceQuality "1"]

1. d4 Nf6 2. c4 e6 3. Nc3 Bb4 4. Qc2 c5 5. dxc5 Qa5 6. Bd2 Qxc5 7. e3 d5 8. a3 Bxc3 9. Bxc3 dxc4 10. Bb4 Qc6 11. Qxc4 Qxc4 12. Bxc4 Nc6 13. Bc3 Ne4 14. Ne2 Nxc3 15. Nxc3 Bd7 16. 0-0-0 Ke7 17. Be2 Rhd8 18. Kb1 1/2-1/2

[Event "Budapest Vezerkepzo Christmas IM"]
[Site "Budapest"]
[Date "2021.12.27"]
[Round "2"]
[White "Balint, Vilmos"]
[Black "Chen, Jonathan"]
[Result "1-0"]
[WhiteElo "2300"]
[BlackElo "2263"]
[PlyCount "79"]
[EventDate "2021.12.26"]
[EventType "tourn"]
[EventRounds "9"]
[EventCountry "HUN"]
[SourceTitle "EXT 2023"]
[Source "ChessBase"]
[SourceDate "2022.10.05"]
[SourceVersion "1"]
[SourceVersionDate "2022.10.05"]
[SourceQuality "1"]

1. g3 d5 2. f4 Nf6 3. Bg2 c6 4. Nf3 Bg4 5. d3 Nbd7 6. 0-0 e6 7. Nc3 Bc5+ 8. Kh1 0-0 9. e4 dxe4 10. dxe4 e5 11. f5 h6 12. Qe1 Bxf3 13. Bxf3 b5 14. g4 Nh7 15. h4 Be7 16. g5 hxg5 17. h5 g4 18. Bxg4 Bg5 19. Qg3 Bxc1 20. Raxc1 Qg5 21. Rg1 Nhf6 22. Bf3 Qxg3 23. Rxg3 Kh7 24. Rcg1 Rg8 25. Nd1 Nc5 26. Nf2 Rad8 27. Nh3 Ncxe4 28. Bxe4 Nxe4 29. Re3 Nd6 30. Ng5+ Kh6 31. Rd3 Rgf8 32. Kh2 e4 33. Ra3 Rd7 34. Ra6 Rc8 35. Kh3 e3 36. Kg4 e2 37. Re1 Re7 38. Kf4 Rcc7 39. b3 g6 40. hxg6 1-0

[Event "Budapest Vezerkepzo IM 12"]
[Site "Budapest"]
[Date "2021.12.23"]
[Round "9"]
[White "Chen, Jonathan"]
[Black "Anishka, Vikram"]
[Result "1-0"]
[WhiteElo "2263"]
[BlackElo "1921"]
[PlyCount "77"]
[EventDate "2021.12.15"]
[EventType "tourn"]
[EventRounds "9"]
[EventCountry "HUN"]
[SourceTitle "CBM 205 Extra"]
[Source "ChessBase"]
[SourceDate "2022.01.31"]
[SourceVersion "1"]
[SourceVersionDate "2022.01.31"]
[SourceQuality "1"]

1. d4 Nf6 2. c4 g6 3. Nf3 Bg7 4. g3 c6 5. Nc3 d5 6. cxd5 cxd5 7. Ne5 0-0 8. Bg2 e6 9. 0-0 Nc6 10. Nxc6 bxc6 11. Bf4 Nd7 12. e4 Qb6 13. Bd6 Re8 14. e5 Qxb2 15. Na4 Qb5 16. f4 Ba6 17. Rf2 Qa5 18. g4 f5 19. gxf5 exf5 20. Nc5 Nxc5 21. dxc5 Bh6 22. Qd4 Qd8 23. Rb1 Bc4 24. Rb4 Rc8 25. Rxc4 dxc4 26. Qxc4+ Kh8 27. Qf7 Qh4 28. Bxc6 Qg4+ 29. Bg2 Qd1+ 30. Rf1 Qd4+ 31. Kh1 Rf8 32. Qd5 Qxd5 33. Bxd5 Rfe8 34. c6 Bf8 35. c7 Kg7 36. Rb1 h6 37. Bb7 Kf7 38. Bxc8 Rxc8 39. Rb8 1-0

[Event "Clayton SPICE Cup op"]
[Site "Clayton"]
[Date "2021.10.19"]
[Round "4"]
[White "Chen, Jonathan"]
[Black "Amburgy, Ryan"]
[Result "0-1"]
[WhiteElo "2302"]
[BlackElo "2103"]
[PlyCount "114"]
[EventDate "2021.10.17"]
[EventType "swiss"]
[EventRounds "9"]
[EventCountry "USA"]
[SourceTitle "CBM 204 Extra"]
[Source "ChessBase"]
[SourceDate "2021.11.30"]
[SourceVersion "1"]
[SourceVersionDate "2021.11.30"]
[SourceQuality "1"]

1. d4 Nf6 2. c4 e6 3. Nc3 Bb4 4. Qc2 d5 5. cxd5 exd5 6. Bg5 c5 7. dxc5 h6 8. Bh4 g5 9. Bg3 Nc6 10. e3 Ne4 11. Bd3 Nxc5 12. Nge2 Bxc3+ 13. Qxc3 Nxd3+ 14. Qxd3 Be6 15. h4 Rc8 16. Nc3 a6 17. a3 Qb6 18. b4 gxh4 19. Rxh4 Ne7 20. Be5 Rg8 21. Kf1 Qc6 22. Qh7 d4 23. Ne4 Qb5+ 24. Kg1 Qxe5 25. Rh5 Bf5 26. Rxf5 Qxe4 27. Qxf7+ Kd8 28. Rf3 d3 29. Rd1 Rc6 30. g3 Rd6 31. Rf6 Rd7 32. Rf4 Qc6 33. Rc4 Qg6 34. Qf4 Nc6 35. a4 Qg5 36. Qe4 Re8 37. Qg2 Qd5 38. Qxd5 Rxd5 39. e4 Rd7 40. f4 Nd4 41. e5 Re6 42. Kf2 Rc6 43. Rxc6 Nxc6 44. b5 axb5 45. axb5 Na7 46. b6 Nc8 47. f5 Nxb6 48. e6 Rd5 49. g4 Ke7 50. Ke3 Nc4+ 51. Ke4 Rd8 52. Rxd3 Rxd3 53. Kxd3 Ne5+ 54. Kd4 Nxg4 55. Kc5 h5 56. Kb6 h4 57. f6+ Nxf6 0-1

[Event "Clayton SPICE Cup op"]
[Site "Clayton"]
[Date "2021.10.18"]
[Round "2"]
[White "Chen, Jonathan"]
[Black "Proleiko, Julian"]
[Result "1/2-1/2"]
[WhiteElo "2302"]
[BlackElo "2180"]
[PlyCount "135"]
[EventDate "2021.10.17"]
[EventType "swiss"]
[EventRounds "9"]
[EventCountry "USA"]
[SourceTitle "CBM 204 Extra"]
[Source "ChessBase"]
[SourceDate "2021.11.30"]
[SourceVersion "1"]
[SourceVersionDate "2021.11.30"]
[SourceQuality "1"]

1. d4 Nf6 2. c4 e6 3. Nf3 d5 4. Nc3 dxc4 5. Bg5 a6 6. e4 b5 7. a4 b4 8. Nb1 Bb7 9. e5 h6 10. Be3 Nd5 11. Bxc4 c5 12. Nbd2 cxd4 13. Bxd4 Nc6 14. Nb3 Nf4 15. 0-0 Nxd4 16. Qxd4 Qxd4 17. Nbxd4 Bc5 18. Rfd1 0-0-0 19. Rac1 Kb8 20. Bf1 Rc8 21. Nb3 Bb6 22. Nfd2 Rxc1 23. Rxc1 Rd8 24. Nc4 Bc7 25. Nc5 Ng6 26. b3 Bc8 27. a5 Nxe5 28. Nxe5 Bxe5 29. Bxa6 Bb2 30. Rb1 Bd4 31. Bxc8 Bxc5 32. Ba6 Rd2 33. Rf1 Ra2 34. Bc4 Rxa5 35. g4 Ra2 36. Kg2 Kc7 37. Kg3 Kd7 38. h4 Bd6+ 39. Kf3 Ke7 40. Re1 Rc2 41. Re2 Rc3+ 42. Re3 Rc1 43. Kg2 g6 44. Re4 Rc2 45. Re2 Rc3 46. Re3 Bc5 47. Re2 Bd4 48. Ra2 Kf6 49. f3 Ke5 50. Re2+ Be3 51. Kg3 Kd4 52. Re1 Rxc4 53. bxc4 e5 54. c5 Bf4+ 55. Kf2 Kxc5 56. Ke2 Kc4 57. Rd1 b3 58. Rd7 b2 59. Rb7 Bc1 60. Rb8 e4 61. fxe4 Kd4 62. Rb4+ Kc3 63. Rb6 Bf4 64. Rc6+ Kb3 65. Rb6+ Kc2 66. Rc6+ Kb3 67. Rb6+ Kc3 68. Rc6+ 1/2-1/2

[Event "Clayton SPICE Cup op"]
[Site "Clayton"]
[Date "2021.10.18"]
[Round "3"]
[White "Xie, Bryan"]
[Black "Chen, Jonathan"]
[Result "1-0"]
[WhiteElo "2019"]
[BlackElo "2302"]
[PlyCount "113"]
[EventDate "2021.10.17"]
[EventType "swiss"]
[EventRounds "9"]
[EventCountry "USA"]
[SourceTitle "CBM 204 Extra"]
[Source "ChessBase"]
[SourceDate "2021.11.30"]
[SourceVersion "1"]
[SourceVersionDate "2021.11.30"]
[SourceQuality "1"]

1. e4 c6 2. d4 d5 3. Nc3 dxe4 4. Nxe4 Nf6 5. Nxf6+ exf6 6. c3 Bd6 7. Bd3 0-0 8. Qc2 Re8+ 9. Ne2 h5 10. Be3 Nd7 11. 0-0-0 Nf8 12. Kb1 Be6 13. c4 Rc8 14. a3 Ng6 15. Nc3 Bg4 16. Rde1 Nf4 17. Bxf4 Rxe1+ 18. Rxe1 Bxf4 19. Bh7+ Kh8 20. Bf5 Bxf5 21. Qxf5 Bh6 22. Ne4 g6 23. Qxf6+ Qxf6 24. Nxf6 Bg7 25. Re8+ Rxe8 26. Nxe8 Bxd4 27. Nd6 Kg7 28. Nxb7 Bxf2 29. Nd8 c5 30. Nc6 a6 31. b4 cxb4 32. axb4 Be1 33. Kc2 Kf6 34. Kd1 Bf2 35. Nb8 a5 36. bxa5 Ke6 37. Na6 Bg1 38. h3 Kd6 39. Ke2 g5 40. Kd3 f5 41. Nb4 h4 42. a6 g4 43. Nd5 Bc5 44. Ne3 Ke5 45. hxg4 f4 46. Nf5 h3 47. gxh3 f3 48. Nh4 f2 49. Nf3+ Kf4 50. Ke2 Kg3 51. g5 Be3 52. g6 Kg2 53. Nh2 Kxh2 54. g7 Kg1 55. g8Q+ Kh1 56. Kf1 Bg5 57. Qa8+ 1-0

[Event "Arandjelovac Akva Gold IM3"]
[Site "Arandjelovac"]
[Date "2021.08.03"]
[Round "5"]
[White "Chen, Jonathan"]
[Black "Lekic, Miodrag"]
[Result "1-0"]
[WhiteElo "2157"]
[BlackElo "2147"]
[PlyCount "69"]
[EventDate "2021.07.31"]
[EventType "tourn"]
[EventRounds "9"]
[EventCountry "SRB"]
[EventCategory "1"]
[SourceTitle "CBM 203 Extra"]
[Source "ChessBase"]
[SourceDate "2021.09.30"]
[SourceVersion "1"]
[SourceVersionDate "2021.09.30"]
[SourceQuality "1"]

1. d4 Nf6 2. c4 g6 3. g3 Bg7 4. Bg2 0-0 5. Nc3 d6 6. Nf3 Nc6 7. 0-0 e5 8. d5 Ne7 9. e4 Ne8 10. Ne1 f5 11. Nd3 Nf6 12. Bg5 Nxe4 13. Nxe4 fxe4 14. Bxe4 Qe8 15. g4 Kh8 16. f3 Ng8 17. Nf2 Bd7 18. Qc2 Bf6 19. h4 Qe7 20. Qd2 Kg7 21. Nh3 h6 22. Kg2 hxg5 23. hxg5 Bxg5 24. Nxg5 Nf6 25. Rh1 Rh8 26. Bc2 Rag8 27. Qd3 Rxh1 28. Rxh1 Kf8 29. Qc3 b6 30. Rh6 Bxg4 31. fxg4 Nxg4 32. Qf3+ Nf6 33. Nh7+ Kg7 34. Rxg6+ Kxh7 35. Qh3+ 1-0

[Event "Arandjelovac Akva Gold IM3"]
[Site "Arandjelovac"]
[Date "2021.08.02"]
[Round "4"]
[White "Efremov, Vladislav"]
[Black "Chen, Jonathan"]
[Result "0-1"]
[WhiteElo "2265"]
[BlackElo "2157"]
[PlyCount "76"]
[EventDate "2021.07.31"]
[EventType "tourn"]
[EventRounds "9"]
[EventCountry "SRB"]
[EventCategory "1"]
[SourceTitle "CBM 203 Extra"]
[Source "ChessBase"]
[SourceDate "2021.09.30"]
[SourceVersion "1"]
[SourceVersionDate "2021.09.30"]
[SourceQuality "1"]

1. d4 Nf6 2. c4 e6 3. Nf3 d5 4. Nc3 dxc4 5. e4 b5 6. e5 Nd5 7. Nxb5 Nb6 8. Be2 Nc6 9. Qd2 a6 10. Nc3 Be7 11. 0-0 Bb7 12. Rd1 Na5 13. Qf4 Nd5 14. Qg3 Nxc3 15. bxc3 Kf8 16. Nd2 Bd5 17. Nf1 Ra7 18. Bh5 c6 19. h3 Rb7 20. Qf4 g6 21. Qh6+ Kg8 22. Be2 Bf8 23. Qe3 h5 24. Ng3 Bh6 25. f4 Bf8 26. Ne4 Be7 27. Kh2 Rb5 28. Rf1 Nb7 29. Nd2 Na5 30. a4 Rb7 31. Ba3 Nb3 32. Bxe7 Qxe7 33. Rab1 Nxd2 34. Qxd2 c5 35. dxc5 Rxb1 36. Rxb1 Qxc5 37. Rb8+ Kg7 38. Rxh8 Qf2 0-1

[Event "Arandjelovac Akva Gold IM1"]
[Site "Arandjelovac"]
[Date "2021.07.23"]
[Round "9"]
[White "Sredojevic, Ivan"]
[Black "Chen, Jonathan"]
[Result "1/2-1/2"]
[WhiteElo "2284"]
[BlackElo "2103"]
[PlyCount "45"]
[EventDate "2021.07.17"]
[EventType "tourn"]
[EventRounds "9"]
[EventCountry "SRB"]
[SourceTitle "CBM 203 Extra"]
[Source "ChessBase"]
[SourceDate "2021.09.30"]
[SourceVersion "1"]
[SourceVersionDate "2021.09.30"]
[SourceQuality "1"]

1. Nf3 Nf6 2. g3 d5 3. Bg2 c6 4. 0-0 Bg4 5. d3 Nbd7 6. Nbd2 e5 7. e4 dxe4 8. dxe4 Bc5 9. h3 Bh5 10. Qe2 0-0 11. a4 a5 12. Nc4 Qc7 13. Bg5 Rfe8 14. c3 h6 15. Bd2 b5 16. axb5 cxb5 17. Na3 b4 18. Nc4 b3 19. g4 Bg6 20. Nh4 a4 21. Nxg6 fxg6 22. Kh1 g5 23. h4 1/2-1/2

[Event "Chicago op 28th"]
[Site "Chicago"]
[Date "2019.05.23"]
[Round "1"]
[White "Chen, Jonathan"]
[Black "Williams, Justus D"]
[Result "1/2-1/2"]
[WhiteElo "2012"]
[BlackElo "2355"]
[PlyCount "142"]
[EventDate "2019.05.23"]
[EventType "swiss"]
[EventRounds "9"]
[EventCountry "USA"]
[SourceTitle "CBM 190 Extra"]
[Source "ChessBase"]
[SourceDate "2019.07.15"]
[SourceVersion "1"]
[SourceVersionDate "2019.07.15"]
[SourceQuality "1"]

1. d4 Nf6 2. c4 e6 3. Nf3 Bb4+ 4. Nbd2 0-0 5. a3 Be7 6. e4 d6 7. Be2 c5 8. b3 cxd4 9. Nxd4 a6 10. Bb2 Qc7 11. 0-0 Nbd7 12. Qc2 b6 13. Rac1 Bb7 14. b4 Rac8 15. Qb1 Rfe8 16. Rfe1 Qb8 17. Bf1 Bd8 18. g3 h5 19. N4f3 Qa8 20. Bg2 Nf8 21. Qd3 Qb8 22. e5 dxe5 23. Nxe5 Be7 24. Bxb7 Qxb7 25. Qf3 Qxf3 26. Ndxf3 N8d7 27. Red1 Red8 28. Nxd7 Rxd7 29. Rxd7 Nxd7 30. Rd1 Rc7 31. Ne5 Nxe5 32. Bxe5 Rxc4 33. Rd7 Bg5 34. Ra7 f6 35. Bb8 Rc8 36. Bf4 Bxf4 37. gxf4 Kh7 38. Rxa6 Rb8 39. Kg2 Kg6 40. Ra7 b5 41. Kf3 Rd8 42. Ke3 Kf5 43. Rb7 Rd5 44. Rxg7 Rd1 45. Rb7 Rd5 46. Rc7 Kg4 47. Rc5 Kh3 48. Rc6 Rd1 49. Ke2 Ra1 50. Rxe6 Ra2+ 51. Ke3 Kxh2 52. Rxf6 Rxa3+ 53. Kd4 Rf3 54. Ke5 h4 55. Rh6 h3 56. f5 Rxf2 57. Rg6 Kh1 58. f6 h2 59. Ke6 Re2+ 60. Kd5 Re5+ 61. Kd6 Re6+ 62. Kd7 Re7+ 63. Kc6 Re6+ 64. Kxb5 Rb6+ 65. Kc5 Rxb4 66. f7 Rf4 67. Rg7 Rxf7 68. Rxf7 Kg2 69. Rg7+ Kf3 70. Rh7 Kg2 71. Rxh2+ Kxh2 1/2-1/2

[Event "Gibraltar Masters 17th"]
[Site "Caleta"]
[Date "2019.01.22"]
[Round "1"]
[White "Chen, Jonathan"]
[Black "Horvath, Dominik"]
[Result "1/2-1/2"]
[WhiteElo "1884"]
[BlackElo "2417"]
[PlyCount "124"]
[EventDate "2019.01.22"]
[EventType "swiss"]
[EventRounds "10"]
[EventCountry "GGB"]
[SourceTitle "CBM 188 Extra"]
[Source "ChessBase"]
[SourceDate "2019.02.28"]
[SourceVersion "1"]
[SourceVersionDate "2019.02.28"]
[SourceQuality "1"]

1. d4 d5 2. c4 e6 3. Nc3 Bb4 4. Nf3 Nf6 5. Bg5 dxc4 6. e4 h6 7. Bxf6 Qxf6 8. Bxc4 c5 9. 0-0 0-0 10. e5 Qd8 11. Ne4 cxd4 12. Qxd4 Qxd4 13. Nxd4 a6 14. a3 Be7 15. Rac1 Bd7 16. Rfd1 Rd8 17. f4 Ba4 18. Rd2 Nc6 19. Nf3 Rxd2 20. Nfxd2 Nd4 21. Bf1 Bc6 22. Kh1 Rd8 23. Rc3 Kf8 24. h3 h5 25. Bd3 Nf5 26. Bc2 Rd4 27. Kh2 h4 28. Nf3 Rd8 29. Rd3 Re8 30. Rc3 Rd8 31. Rd3 Ra8 32. Rc3 a5 33. Neg5 Ng3 34. Nxh4 Ne2 35. Re3 Nxf4 36. Nhf3 Rd8 37. Be4 Bxg5 38. Nxg5 Rd2 39. Bxc6 bxc6 40. Kg3 Ng6 41. b3 Ne7 42. Kh2 Nf5 43. Rc3 Nd4 44. Nf3 Nxf3+ 45. Rxf3 Re2 46. Rc3 Rxe5 47. Rxc6 Rb5 48. Rc3 Ke7 49. Kg3 e5 50. Kf3 Ke6 51. h4 f5 52. g3 Kd5 53. Rd3+ Kc5 54. Ke3 e4 55. Rc3+ Kd5 56. b4 axb4 57. Rb3 Rc5 58. axb4 Rc2 59. b5 Rg2 60. Kf4 Rf2+ 61. Kg5 Rf3 62. Rb1 Rxg3+ 1/2-1/2